The Story of Early Indian Advertising (Record no. 213281)
[ view plain ]
| 000 -LEADER | |
|---|---|
| fixed length control field | 00582nam a22001937a 4500 |
| 005 - DATE AND TIME OF LATEST TRANSACTION | |
| control field | 20250903121918.0 |
| 010 ## - LCCN (DPL NO) | |
| LC control number | ENG-146594 |
| 020 ## - INTERNATIONAL STANDARD BOOK NUMBER | |
| International Standard Book Number | 9788195587858 |
| 035 ## - SYSTEM CONTROL NUMBER | |
| System control number | EN-130126 |
| 037 ## - SOURCE OF ACQUISITION | |
| Source of stock number/acquisition | DBAD |
| 082 ## - DEWEY DECIMAL CLASSIFICATION NUMBER | |
| Classification number | 659.10954 |
| 100 ## - MAIN ENTRY--PERSONAL NAME | |
| Personal name | Jain,Jyotindra |
| 245 ## - TITLE STATEMENT | |
| Title | The Story of Early Indian Advertising |
| Statement of responsibility, etc | Jain Jyotindra |
| 260 ## - PUBLICATION, DISTRIBUTION, ETC. (IMPRINT) | |
| Place of publication, distribution, etc | Mumbai |
| Name of publisher, distributor, etc | The Marg Foundation |
| Date of publication, distribution, etc | 2025 |
| 270 ## - ADDRESS | |
| City | Mumbai |
| Address | Army & Navy Building (3rd Floor), 148,M.G.Road,Mumbai |
| Postal code | 400001 |
| 300 ## - PHYSICAL DESCRIPTION | |
| Extent | 109p. |
| Dimensions | 25cm(pbk) |
| Other physical details | Ill. |
| 700 ## - ADDED ENTRY--PERSONAL NAME | |
| 9 (RLIN) | 84533 |
| 942 ## - ADDED ENTRY ELEMENTS (KOHA) | |
| Source of classification or shelving scheme | Dewey Decimal Classification |
| Item type | English Books |
| Classification part | 659.10954 |
| Call number suffix | JAI |
No items available.
